Repertorio biográfico de Procuradores en Cortes. (Record no. 114700)

MARC details
000 -LEADER
campo de control de longitud fija 00440nam a2200157 i 4500
001 - NÚMERO DE CONTROL
campo de control 114700
003 - IDENTIFICADOR DE NÚMERO DE CONTROL
campo de control ES-MaACL
005 - FECHA Y HORA DE LA ÚLTIMA TRANSACCIÓN
campo de control 20230906190230.0
007 - CAMPO FIJO DE DESCRIPCIÓN FÍSICA--INFORMACIÓN GENERAL
campo de control de longitud fija t|
008 - DATOS DE LONGITUD FIJA--INFORMACIÓN GENERAL
campo de control de longitud fija 070321s1968 sp ||||1| spa d
245 00 - MENCIÓN DEL TÍTULO
Título Repertorio biográfico de Procuradores en Cortes.
260 ## - PUBLICACIÓN, DISTRIBUCIÓN, ETC.
Lugar de publicación, distribución, etc. Madrid :
Nombre del editor, distribuidor, etc. Dopress,
Fecha de publicación, distribución, etc. [1968]
300 ## - DESCRIPCIÓN FÍSICA
Extensión 2 v. ;
Dimensiones 22 cm.
650 14 - PUNTO DE ACCESO ADICIONAL DE MATERIA--TÉRMINO DE MATERIA
Término de materia o nombre geográfico como elemento de entrada Procuradores en cortes-
Subdivisión geográfica España.
9 (RLIN) 16442
852 ## - LOCALIZACIÓN
Ubicación ES-MaACL
Número de control de estantería C-34370-1
Sublocalización o colección R.65136
Holdings
Estatus retirado Estado de pérdida Estado de daño No para préstamo Biblioteca de origen Biblioteca actual Ubicación en estantería Fecha de adquisición Fuente de adquisición Total de préstamos Signatura topográfica completa Código de barras Visto por última vez Precio de reemplazo Tipo de ítem Koha
        Biblioteca del Ateneo de Madrid Biblioteca del Ateneo de Madrid Depósito 2 17/01/2008     C-34370-1 1119612 23/02/2023 23/02/2023 Libro impreso